Most Popular Fast Food Restaurant by Country - Statistics

General Stats
  • This quiz has been taken 45 times
  • The average score is 4 of 15
Answer Stats
Country Answer % Correct
Greece McDonalds
100%
Poland McDonalds
53%
Malaysia McDonalds
50%
Vietnam McDonalds
50%
China KFC
37%
Uganda KFC
29%
Nepal KFC
29%
Angola KFC
29%
Sudan Pizza Hut
8%
Tunisia Chicken-House
0%
Hungary Gulyás
0%
El Salvador Pizza Boom
0%
Bulgaria Rainbow Factory
0%
Niger Tantalizers
0%
Spain Telepizza
0%
No matching quizzes found
Score Distribution
Percent of People with Each Score
Percentile by Number Answered
Your Score History
You have not taken this quiz